MARC details
| 000 -LEADER |
| campo de control de longitud fija |
02274nam a2200409 i 4500 |
| 001 - NÚMERO DE CONTROL |
| campo de control |
196178 |
| 003 - IDENTIFICADOR DE NÚMERO DE CONTROL |
| campo de control |
ES-MaACL |
| 005 - FECHA Y HORA DE LA ÚLTIMA TRANSACCIÓN |
| campo de control |
20250809052936.0 |
| 008 - DATOS DE LONGITUD FIJA--INFORMACIÓN GENERAL |
| campo de control de longitud fija |
240817s2020 sp a | |||| 001 0aspa |
| 015 ## - NÚMERO DE BIBLIOGRAFÍA NACIONAL |
| Número de bibliografía nacional |
MON18 |
| 020 ## - NÚMERO INTERNACIONAL ESTÁNDAR DEL LIBRO |
| Número Internacional Estándar del Libro |
9788412034738 |
| 020 ## - NÚMERO INTERNACIONAL ESTÁNDAR DEL LIBRO |
| Número Internacional Estándar del Libro |
9788494309779 |
| 040 ## - FUENTE DE CATALOGACIÓN |
| Lengua de catalogación |
spa |
| Centro/agencia transcriptor |
ES-MaACL |
| 080 ## - NÚMERO DE LA CLASIFICACIÓN DECIMAL UNIVERSAL |
| Número de la Clasificación Decimal Universal |
929 Lemkin, Raphael |
| 100 ## - ENTRADA PRINCIPAL--NOMBRE DE PERSONA |
| Nombre de persona |
Lemkin, Raphaël, |
| Fechas asociadas al nombre |
1900-1959 |
| 9 (RLIN) |
238434 |
| Término indicativo de función/relación |
Autor |
| 240 10 - TÍTULO UNIFORME |
| Título uniforme |
Totally unofficial |
| Lenguaje de la obra |
Español |
| 245 10 - MENCIÓN DEL TÍTULO |
| Título |
Ohne Auftrag Autobiografie: |
| Resto del título |
die Autobiografie von Raphael Lemkin / |
| Mención de responsabilidad, etc. |
Raphael Lemkin ; edición, Irmund Wojak, Donna-Lee Frieze y Joaquín González Ibáñez ; traducción, Stephanie Arzingeer ; prólogo a la edición en alemán, Irmund Wojak ; introducción a la edición original en inglés, Donna-Lee Frieze |
| 264 #1 - PRODUCCIÓN, PUBLICACIÓN, DISTRIBUCIÓN, FABRICACIÓN Y COPYRIGHT |
| Producción, publicación, distribución, fabricación y copyright |
[Madrid] |
| Nombre del de productor, editor, distribuidor, fabricante |
Berg Institute, |
| Fecha de producción, publicación, distribución, fabricación o copyright |
[2020] |
| 264 #4 - PRODUCCIÓN, PUBLICACIÓN, DISTRIBUCIÓN, FABRICACIÓN Y COPYRIGHT |
| Fecha de producción, publicación, distribución, fabricación o copyright |
©2020 |
| 300 ## - DESCRIPCIÓN FÍSICA |
| Extensión |
421 páginas : |
| Otras características físicas |
ilustraciones (blanco y negro y color) ; |
| Dimensiones |
24 cm. |
| 336 ## - TIPO DE CONTENIDO |
| Término de tipo de contenido |
Texto |
| Fuente |
rdacontent |
| 337 ## - TIPO DE MEDIO |
| Nombre/término del tipo de medio |
sin mediación |
| Fuente |
rdamedia |
| 338 ## - TIPO DE SOPORTE |
| Nombre/término del tipo de soporte |
volumen |
| Fuente |
rdacarrier |
| 490 1# - MENCIÓN DE SERIE |
| Mención de serie |
Biblioteca literatura y derechos humanos ; |
| Designación de volumen o secuencia |
1 |
| 500 ## - NOTA GENERAL |
| Nota general |
Incluye apéndice documental |
| 504 ## - NOTA DE BIBLIOGRAFÍA, ETC. |
| Nota de bibliografía, etc. |
Bibliografía: páginas 393-405. Índices |
| 520 ## - RESUMEN, ETC. |
| Sumario, etc. |
Winston Churchill erklärte während des Zweiten Weltkriegs Ende 1941, dass die Nazis ein „namenloses Verbrechen“ begingen. Der Jurist und Humanist Raphael Lemkin verschrieb sich der Suche nach einem angemessenen Begriff für diese Akte menschlicher Barbarei. Dank seiner Studien in Philosophie, Philologie und im Recht gelang Lemkin 1943 die Prägung des Neologismus Genozid und er trug durch sein persönliches Engagement zum Zustandekommen der Genozidkonvention der Vereinten Nationen von 1948 bei. |
| 600 #0 - PUNTO DE ACCESO ADICIONAL DE MATERIA--NOMBRE DE PERSONA |
| Nombre de persona |
Lemkin, Raphaël, |
| Fechas asociadas al nombre |
1900-1959- |
| Subdivisión general |
Biografías |
| Fuente del encabezamiento o término |
embne |
| 9 (RLIN) |
238435 |
| 655 #7 - TERMINO DE INDIZACIÓN--GENERO/FORMA |
| Datos o término principal de género/forma |
Autobiografías |
| Fuente del término |
tgfbne |
| 9 (RLIN) |
226823 |
| 830 #0 - PUNTO DE ACCESO ADICIONAL DE SERIE-TÍTULO UNIFORME |
| Título uniforme |
Biblioteca literatura y derechos humanos |
| Designación de volumen o secuencia |
1 |
| 9 (RLIN) |
238888 |
| 852 ## - LOCALIZACIÓN |
| Ubicación |
ES-MaACL |
| Sublocalización o colección |
R.154546 |
| Ubicación en estantería |
Depósito J |
| Número de control de estantería |
N-9253 |
| Donativo/Legado |
Donación: Editorial |
| Encuadernación |
Encuadernación cartoné |
| itemnumber |
205207 |
| 942 ## - ELEMENTOS DE ENTRADA SECUNDARIOS (KOHA) |
| Tipo de ítem Koha |
Libro impreso |
| Suprimir en OPAC |
No |